|
|
|
|
| LEADER |
00810cam a2200217 7i4500 |
| 001 |
0000017553 |
| 005 |
20170301090000.0 |
| 008 |
070823 eng |
| 020 |
|
|
|a 1856044335
|
| 090 |
0 |
0 |
|a ZA4201
|b STE 2001
|
| 100 |
1 |
|
|a Stephens, Michael T
|
| 245 |
1 |
4 |
|a The library internet trainer's toolkit
|c Michael T. Stephens adapted by Phil Bradley.
|
| 260 |
|
|
|a London:
|b Library Association Publishing,
|c 2001.
|
| 300 |
|
|
|a xviii, 221 p.;
|c 28 cm..
|
| 500 |
|
|
|a Includes index
|
| 650 |
0 |
0 |
|a Internet --
|x Study and teaching
|
| 650 |
0 |
0 |
|a World wide web --
|x Study and teaching
|
| 700 |
1 |
|
|a Bradley, Phil
|
| 997 |
|
|
|a Communication, Visual Art & Computing, Faculty
|b Communication, Department
|
| 998 |
|
|
|a Library Science, Diploma
|
| 999 |
|
|
|a 0000024212
|b BOK
|c REFERENCE
|e Ground Floor, Bestari Jaya
|